Integrita povrchu obrobeného vysokotlakovým kvapalinovým lúčom

Gespeichert in:
Bibliographische Detailangaben
1. Verfasser: Bednárik, Michal, 1986- (Verfasst von)
Weitere Verfasser: Geleta, Vojtech, 1946- (Betreuung Doktorarbeit)
Format: Manuskript Buch
Sprache:Slowakisch
Veröffentlicht: Bratislava : STU v Bratislave SjF, 2010
Schlagworte:
Online-Zugang:VAIS
Tags: Tag hinzufügen
Keine Tags, Fügen Sie das erste Tag hinzu!

MARC

LEADER 00000ntm a22000003a 4500
001 stu210261
005 20150617230101.3
008 100901s2010----xo------------------slo-d
040 |a STU  |b slo 
041 0 |a slo 
044 |a xo 
100 1 |a Bednárik, Michal,  |d 1986-  |4 aut  |u J0070  |U SjF Strojnícka fakulta  |T SjF Ústav výrobných systémov, enviromentálnej techniky a manažment kvality  |X 40884  |U J0070  |Y 804  |7 A000040884 
242 0 0 |a Integrity of surface machined by high-pressure water jet  |y eng 
245 1 |a Integrita povrchu obrobeného vysokotlakovým kvapalinovým lúčom 
260 |a Bratislava :  |b STU v Bratislave SjF,  |c 2010 
650 7 |a kvalita povrchu  |2 stusub 
650 7 |a high-pressure water jet  |2 estusub 
700 1 |a Geleta, Vojtech,  |d 1946-  |4 ths  |u J0070  |U SjF Strojnícka fakulta  |T SjF Ústav výrobných systémov, enviromentálnej techniky a manažment kvality  |X 2425  |U J0070  |Y 804  |7 A000002425 
856 4 |a info a plný text  |u http://is.stuba.sk/zp/portal_zp.pl?podrobnosti=74383  |3 VAIS 
996 |b 284J039073  |c J*941/DP  |l JJSK  |s A  |a 24  |w stu210261_0001